000 01130nam a22002537a 4500
005 20170123164155.0
010 _aB-081201
020 _c200.00
035 _aB-081201
037 _bCen Lib / Ret
040 _aDPL
_bPN
082 _a850.8
_bਭੁੱਲਰ,
245 _aਕਰਬ ਜਿਨਾਂ ਦੀ ਜੀਵੇ ਹੂ :
_cਸੰਪਾਦਕ ਗੁਰਬਚਨ ਸਿੰਘ ਭੁੱਲਰ
_bਜੋਗਾ ਸਿੰਘ ਨੂੰ ਯਾਦ ਕਰਦੀਆਂ /
246 _aQabar jinahn di jiwey hoo : joga singh nu yaad kardyan /
_bedited by Gurbachan Singh Bhullar
260 _aਲੁਧਿਆਨਾ
_bਚੇਤਨਾ ਪ੍ਰਕਾਸ਼ਨ
_c2001
270 _aਪੰਜਾਬੀ ਭਵਨ
_bਲੁਧਿਆਨਾ
_e160022
300 _a263p.
_c21cm(pbk)
650 _a ਪੰਜਾਬੀ-- ਸਾਹਿਤ
_9130685
650 _aਪੰਜਾਬੀ-- ਕਵਿਤਾਵਾਂ
_9130686
650 _aPunjabi-- Literature
_9781
650 _aPunjabi Literature--Fiction
_99827
700 _aਭੁੱਲਰ, ਗੁਰਬਚਨ ਸਿੰਘ
_9130687
942 _2ddc
_cPN
_h850.8
_mਭੁੱਲਰ
999 _c110622
_d110622